00533nam a2200181Ia 4500003000900000008004100009020001800050040001600068080001500084100002200099245009900121260003800220300001400258650002300272650001500295700002000310700002100330IN-BaIIA211028s9999 xx 000 0 eng d a0-471-30924-9 cIIA Library a528.7bMIK aMikhail, Edward M 0aIntroduction to modern photogrammetrycEdward M. Mikhail, James S. Bethel and J. Chris McGlone aNew YorkbJohn Wiley & Sonsc2001 aix, 479p. aDigital photometry aPhotometry aBethel, James S aMcGlone, J Chris